Délmagyarország. - 1928. március 18., Vasárnap
Elmentve itt :
| Dokumentumtípus: | Újság |
|---|---|
| Megjelent: |
1928-03-18
|
| Sorozat: | Délmagyarország
4 No. 64 |
| Online Access: | http://dmarchiv.bibl.u-szeged.hu/5550 |
| LEADER | 00488nas a2200145 i 4500 | ||
|---|---|---|---|
| 001 | delm5550 | ||
| 005 | 20200414150920.0 | ||
| 008 | 171213s1928 hu n o 0|| hun d | ||
| 022 | |a 0133-025X | ||
| 040 | |a SZTE Délmagyarország Archívum |b hun | ||
| 041 | |a hun | ||
| 245 | 0 | 0 | |a Délmagyarország. - 1928. március 18., Vasárnap |h [elektronikus dokumentum] |
| 260 | |c 1928-03-18 | ||
| 490 | 0 | |a Délmagyarország |v 4 No. 64 | |
| 856 | 4 | 0 | |u http://dmarchiv.bibl.u-szeged.hu/5550/1/dm_1928_064.pdf |z Dokumentum-elérés |